[Event "CZE-chT2C 1314"]
[Site "Czech Republic"]
[Date "2014.02.16"]
[Round "8.7"]
[White "Meszaros, Ludek"]
[Black "Pechacek, Stanislav"]
[Result "1/2-1/2"]
[WhiteElo "2094"]
[BlackElo "2044"]
[PlyCount "85"]
[EventDate "2013.11.03"]
[EventType "team-tourn"]
[EventRounds "11"]
[EventCountry "CZE"]
[SourceTitle "EXT 2015"]
[Source "ChessBase"]
[SourceDate "2014.11.20"]
[SourceVersion "1"]
[SourceVersionDate "2014.11.20"]
[SourceQuality "1"]
[WhiteTeam "Tabor"]
[BlackTeam "Praha Dukla"]
[WhiteTeamCountry "CZE"]
[BlackTeamCountry "CZE"]

1. e4 c5 2. Nf3 Nc6 3. Bb5 g6 4. 0-0 Bg7 5. Re1 Nf6 6. e5 Nd5 7. Nc3 Nxc3 8. dxc3 0-0 9. Bf4 a6 10. Bxc6 dxc6 11. Qe2 Be6 12. Qe3 b6 13. a4 a5 14. Red1 Qc8 15. Rd2 Rd8 16. Rad1 Rxd2 17. Qxd2 Bg4 18. Qd3 h6 19. h3 Bf5 20. Qe2 g5 21. Bg3 Ra7 22. h4 g4 23. Nh2 Rd7 24. Re1 Rd5 25. Nf1 Rd8 26. h5 Be6 27. Ne3 Bf5 28. Qc4 Rd2 29. Qf4 Bxc2 30. Nxg4 Rd1 31. Rxd1 Bxd1 32. Nxh6+ Bxh6 33. Qxh6 Qf5 34. f3 Bxa4 35. Bf4 Bb3 36. Kh2 Bd5 37. c4 Bxc4 38. g4 Qc2+ 39. Kg3 Qd1 40. Qxc6 Qe1+ 41. Kh2 Qf2+ 42. Kh1 Qf1+ 43. Kh2 1/2-1/2

[Event "CZE-chT2B 1011"]
[Site "Czech Republic"]
[Date "2011.02.20"]
[Round "8.5"]
[White "Pechacek, Stanislav"]
[Black "Erban, Dusan"]
[Result "1/2-1/2"]
[WhiteElo "2131"]
[BlackElo "2098"]
[PlyCount "45"]
[EventDate "2010.10.17"]
[EventType "team-tourn"]
[EventRounds "11"]
[EventCountry "CZE"]
[SourceTitle "EXT 2012"]
[Source "ChessBase"]
[SourceDate "2011.11.24"]
[SourceVersion "1"]
[SourceVersionDate "2011.11.24"]
[SourceQuality "1"]
[WhiteTeam "Praha Dukla"]
[BlackTeam "Usti nad Labem"]
[WhiteTeamCountry "CZE"]
[BlackTeamCountry "CZE"]

1. Nf3 Nf6 2. c4 e6 3. d4 d5 4. Nc3 c5 5. cxd5 Nxd5 6. e4 Nxc3 7. bxc3 cxd4 8. cxd4 Bb4+ 9. Bd2 Qa5 10. Bxb4 Qxb4+ 11. Qd2 Nc6 12. Qxb4 Nxb4 13. Bb5+ Ke7 14. Ke2 a6 15. Ba4 b5 16. Bb3 Bb7 17. Ke3 Rhc8 18. Rhc1 f6 19. Ne1 Rxc1 20. Rxc1 Rc8 21. Rxc8 Bxc8 22. a3 Nc6 23. Nd3 1/2-1/2

[Event "Prague Rejfir Memorial"]
[Site "Prague"]
[Date "2010.04.??"]
[Round "4"]
[White "Pechacek, Stanislav"]
[Black "Kovar, Vojtech"]
[Result "0-1"]
[WhiteElo "2160"]
[BlackElo "2335"]
[PlyCount "106"]
[EventDate "2010.04.??"]
[EventType "swiss"]
[EventRounds "9"]
[EventCountry "CZE"]
[SourceTitle "EXT 2012"]
[Source "ChessBase"]
[SourceDate "2011.11.24"]
[SourceVersion "1"]
[SourceVersionDate "2011.11.24"]
[SourceQuality "1"]

1. d4 Nf6 2. c4 g6 3. Nc3 Bg7 4. e4 d6 5. Nf3 0-0 6. Be2 e5 7. 0-0 Nc6 8. d5 Ne7 9. b4 Nh5 10. Re1 f5 11. Ng5 Nf6 12. f3 c6 13. Be3 Ne8 14. c5 dxc5 15. d6 Kh8 16. bxc5 Ng8 17. Nh3 f4 18. Bf2 Bf6 19. Rb1 h5 20. Kh1 Nh6 21. Ng1 Rf7 22. Qb3 Rg7 23. Bc4 Qd7 24. Nce2 g5 25. h3 g4 26. fxg4 hxg4 27. Nxf4 gxh3 28. Nfxh3 Qg4 29. Bf1 Be6 30. Qd3 Rd8 31. Nf3 Qh5 32. Nh2 Rdd7 33. Be3 Bh4 34. Red1 Nf6 35. Be2 Qg6 36. Bf3 Nh5 37. Nf1 Rdf7 38. Qe2 Ng4 39. Bg1 Nf4 40. Nxf4 exf4 41. Bd4 Kg8 42. Bxg7 Nf2+ 43. Kg1 Rxg7 44. d7 Nxd1 45. Rxd1 Rxd7 46. Rxd7 Bxd7 47. Qd2 Qf7 48. Qd6 Be7 49. Qb8+ Qf8 50. Qxb7 Bxc5+ 51. Kh1 Qd6 52. Qb3+ Be6 53. Qc2 Qd4 0-1

[Event "CZE-chT2c 0607"]
[Site "Czech Republic"]
[Date "2007.02.25"]
[Round "8.5"]
[White "Pechacek, Stanislav"]
[Black "Paldus, Petr"]
[Result "1-0"]
[WhiteElo "2142"]
[BlackElo "2102"]
[PlyCount "73"]
[EventDate "2006.10.15"]
[EventType "team"]
[EventRounds "11"]
[EventCountry "CZE"]
[SourceTitle "EXT 2008"]
[Source "ChessBase"]
[SourceDate "2007.11.25"]
[SourceVersion "1"]
[SourceVersionDate "2007.11.25"]
[SourceQuality "1"]
[WhiteTeam "Vlasim"]
[BlackTeam "Liberec"]
[WhiteTeamCountry "CZE"]
[BlackTeamCountry "CZE"]

1. Nf3 f5 2. d4 Nf6 3. g3 e6 4. Bg2 Be7 5. 0-0 0-0 6. c4 d5 7. b3 Ne4 8. Ba3 Nd7 9. Qc1 c6 10. Bxe7 Qxe7 11. Nc3 Ndf6 12. Ne5 Nd6 13. f3 Nf7 14. Nxf7 Rxf7 15. e4 dxc4 16. e5 Nd5 17. bxc4 Nb6 18. c5 Nd5 19. Nxd5 cxd5 20. f4 b6 21. cxb6 axb6 22. Qb2 Ba6 23. Rfc1 Rb8 24. Rc6 Bc4 25. Rxb6 Rxb6 26. Qxb6 Qa3 27. Qxe6 Qe3+ 28. Kh1 Qxd4 29. Rb1 g6 30. h4 Kg7 31. Rb8 Qa1+ 32. Kh2 Qxa2 33. Qd6 Qf2 34. e6 Bf1 35. Qe5+ Kh6 36. Rb2 Qa7 37. exf7 1-0

[Event "Tatry op"]
[Site "Tatranske Zruby"]
[Date "2006.09.25"]
[Round "3"]
[White "Langner, Ladislav"]
[Black "Pechacek, Stanislav"]
[Result "1-0"]
[WhiteElo "2396"]
[BlackElo "2142"]
[PlyCount "49"]
[EventDate "2006.09.23"]
[EventType "swiss"]
[EventRounds "9"]
[EventCountry "SVK"]
[SourceTitle "CBM 114 Extra"]
[Source "ChessBase"]
[SourceDate "2006.11.03"]
[SourceVersion "1"]
[SourceVersionDate "2006.11.03"]
[SourceQuality "1"]

1. e4 d5 2. exd5 Nf6 3. d4 Nxd5 4. Be2 g6 5. Nf3 Bg7 6. 0-0 0-0 7. c4 Nb6 8. Nc3 Nc6 9. Be3 Bg4 10. c5 Nd5 11. Qb3 Nxe3 12. fxe3 Bh6 13. Qxb7 Bxe3+ 14. Kh1 Bd7 15. Rad1 Rb8 16. Qa6 Nb4 17. Qc4 Nc2 18. Ne5 Rb4 19. Qd5 Bf5 20. Nc6 Qxd5 21. Nxd5 Rxb2 22. Ncxe7+ Kg7 23. Nxf5+ gxf5 24. Bd3 Nb4 25. Nxe3 1-0

[Event "Tatry op"]
[Site "Tatranske Zruby"]
[Date "2006.09.25"]
[Round "4"]
[White "Pechacek, Stanislav"]
[Black "Briza, Jiri"]
[Result "1-0"]
[WhiteElo "2142"]
[BlackElo "2020"]
[PlyCount "65"]
[EventDate "2006.09.23"]
[EventType "swiss"]
[EventRounds "9"]
[EventCountry "SVK"]
[SourceTitle "CBM 114 Extra"]
[Source "ChessBase"]
[SourceDate "2006.11.03"]
[SourceVersion "1"]
[SourceVersionDate "2006.11.03"]
[SourceQuality "1"]

1. Nf3 Nf6 2. c4 c5 3. Nc3 Nc6 4. d4 cxd4 5. Nxd4 g6 6. e4 Bg7 7. Be3 0-0 8. Be2 d6 9. 0-0 Bd7 10. f3 Nxd4 11. Bxd4 Bc6 12. Qd2 e6 13. Rfd1 Qe7 14. Bf1 Rfd8 15. Qf2 b6 16. a4 Nd7 17. Bxg7 Kxg7 18. Qd4+ Nf6 19. a5 e5 20. Qf2 Rab8 21. b4 Be8 22. b5 Qc7 23. axb6 Rxb6 24. g4 g5 25. Rd2 Bd7 26. Rda2 Ra8 27. Ra6 Rxa6 28. Rxa6 Qb8 29. Qd2 h6 30. Qxd6 Qxd6 31. Rxd6 Rc8 32. Ra6 Rc7 33. Rxf6 1-0

[Event "Tatry op"]
[Site "Tatranske Zruby"]
[Date "2006.09.24"]
[Round "2"]
[White "Pechacek, Stanislav"]
[Black "Mozny, Milos"]
[Result "1/2-1/2"]
[WhiteElo "2142"]
[BlackElo "2385"]
[PlyCount "68"]
[EventDate "2006.09.23"]
[EventType "swiss"]
[EventRounds "9"]
[EventCountry "SVK"]
[SourceTitle "CBM 114 Extra"]
[Source "ChessBase"]
[SourceDate "2006.11.03"]
[SourceVersion "1"]
[SourceVersionDate "2006.11.03"]
[SourceQuality "1"]

1. Nf3 d5 2. d4 Nf6 3. c4 c6 4. Nc3 e6 5. e3 Nbd7 6. Qc2 Bd6 7. g4 h6 8. Bd2 dxc4 9. Bxc4 Nxg4 10. Bxe6 Ngf6 11. Bb3 Nb6 12. Ne4 Nxe4 13. Qxe4+ Qe7 14. Ne5 Bxe5 15. Qxe5 Qxe5 16. dxe5 a5 17. Rg1 g5 18. Bc3 Be6 19. f4 Ke7 20. Bd4 Nd7 21. Bc2 gxf4 22. exf4 Rhg8 23. Rg3 Bd5 24. b3 f6 25. exf6+ Nxf6 26. 0-0-0 Rxg3 27. hxg3 Rg8 28. Bc5+ Kf7 29. Re1 Re8 30. Rxe8 Nxe8 31. Kb2 Nf6 32. Bb6 Nh5 33. Bf2 Nf6 34. Bb6 Nh5 1/2-1/2

[Event "Ricany op-A"]
[Site "Ricany"]
[Date "2006.08.27"]
[Round "4"]
[White "Vlcek, Jan"]
[Black "Pechacek, Stanislav"]
[Result "1-0"]
[WhiteElo "1673"]
[BlackElo "2142"]
[PlyCount "51"]
[EventDate "2006.08.24"]
[EventType "swiss"]
[EventRounds "9"]
[EventCountry "CZE"]
[SourceTitle "EXT 2007"]
[Source "ChessBase"]
[SourceDate "2006.11.23"]
[SourceVersion "1"]
[SourceVersionDate "2006.11.23"]
[SourceQuality "1"]

1. e4 c5 2. Nf3 Nc6 3. d4 cxd4 4. Nxd4 Nf6 5. Nc3 e5 6. Ndb5 d6 7. Bg5 a6 8. Na3 b5 9. Bxf6 gxf6 10. Nd5 Bg7 11. Bd3 0-0 12. 0-0 Ne7 13. Qh5 Nxd5 14. exd5 e4 15. Bxe4 f5 16. Bxf5 Bxf5 17. Qxf5 Bxb2 18. Rab1 Bxa3 19. Rb3 Bc5 20. Rg3+ Kh8 21. Rh3 Kg7 22. Qxh7+ Kf6 23. Qh4+ Kf5 24. Rf3+ Kg6 25. Rg3+ Kf5 26. Qh5+ 1-0

[Event "CZE-chT2V 0203"]
[Site "Czech Republic"]
[Date "2003.??.??"]
[Round "4"]
[White "Nemec, Pavel"]
[Black "Pechacek, Stanislav"]
[Result "1-0"]
[WhiteElo "2322"]
[BlackElo "2163"]
[PlyCount "47"]
[EventDate "2002.10.??"]
[EventType "team"]
[EventRounds "11"]
[EventCountry "CZE"]
[SourceTitle "EXT 2007"]
[Source "ChessBase"]
[SourceDate "2006.11.23"]
[SourceVersion "1"]
[SourceVersionDate "2006.11.23"]
[SourceQuality "1"]
[WhiteTeam "Chrudim"]
[BlackTeam "Vlasim"]
[WhiteTeamCountry "CZE"]
[BlackTeamCountry "CZE"]

1. e4 c5 2. Nf3 Nc6 3. Bb5 g6 4. c3 Bg7 5. d4 cxd4 6. cxd4 Qb6 7. Nc3 Nxd4 8. Nd5 Qc5 9. Nxd4 Bxd4 10. 0-0 Be5 11. Qe2 e6 12. b4 Qd6 13. Rd1 exd5 14. Rxd5 Bxh2+ 15. Kh1 Qf6 16. Kxh2 Qxa1 17. Bb2 Qxa2 18. Qc2 Ne7 19. Bc4 Nxd5 20. Bxa2 Nxb4 21. Qc3 Nxa2 22. Qxh8+ Ke7 23. Qe5+ Kf8 24. Qd6+ 1-0

[Event "CZE-chT2V 0203"]
[Site "Czech Republic"]
[Date "2003.??.??"]
[Round "6"]
[White "Pechacek, Stanislav"]
[Black "Benes, Petr"]
[Result "1/2-1/2"]
[WhiteElo "2163"]
[BlackElo "2143"]
[PlyCount "65"]
[EventDate "2002.10.??"]
[EventType "team"]
[EventRounds "11"]
[EventCountry "CZE"]
[SourceTitle "EXT 2007"]
[Source "ChessBase"]
[SourceDate "2006.11.23"]
[SourceVersion "1"]
[SourceVersionDate "2006.11.23"]
[SourceQuality "1"]
[WhiteTeam "Vlasim"]
[BlackTeam "Polabiny III"]
[WhiteTeamCountry "CZE"]
[BlackTeamCountry "CZE"]

1. e4 d6 2. d4 Nf6 3. Nc3 c6 4. Nf3 Qa5 5. e5 Ne4 6. Bd3 Nxc3 7. bxc3 g6 8. 0-0 d5 9. c4 Bg7 10. Bd2 Qc7 11. Qc1 Bg4 12. Bh6 0-0 13. Bxg7 Kxg7 14. Nd2 dxc4 15. Nxc4 Be6 16. Ne3 f5 17. exf6+ exf6 18. Qb2 Nd7 19. c4 Nb6 20. a4 Rad8 21. a5 Nc8 22. Rfd1 Ne7 23. Be4 Bf7 24. d5 Rd7 25. a6 b6 26. dxc6 Nxc6 27. Rxd7 Qxd7 28. Rd1 Qe8 29. Bd5 Nb8 30. Bb7 Nd7 31. Qb5 Nc5 32. Qb2 Qe7 33. Qd4 1/2-1/2

[Event "CZE-chT2V 0203"]
[Site "Czech Republic"]
[Date "2003.??.??"]
[Round "6"]
[White "Pechacek, Stanislav"]
[Black "Slosar, Jan"]
[Result "1/2-1/2"]
[WhiteElo "2163"]
[BlackElo "2080"]
[PlyCount "27"]
[EventDate "2002.10.??"]
[EventType "team"]
[EventRounds "11"]
[EventCountry "CZE"]
[SourceTitle "EXT 2007"]
[Source "ChessBase"]
[SourceDate "2006.11.23"]
[SourceVersion "1"]
[SourceVersionDate "2006.11.23"]
[SourceQuality "1"]
[WhiteTeam "Vlasim"]
[BlackTeam "AVE Kontakt"]
[WhiteTeamCountry "CZE"]
[BlackTeamCountry "CZE"]

1. e4 d5 2. exd5 Nf6 3. d4 Nxd5 4. c4 Nf6 5. Nc3 Bg4 6. f3 Bf5 7. g4 Bg6 8. h4 h6 9. Nh3 e6 10. Nf4 Bh7 11. d5 e5 12. Nd3 Nbd7 13. Be3 e4 14. fxe4 1/2-1/2

[Event "CZE-chT2V 0203"]
[Site "Czech Republic"]
[Date "2003.??.??"]
[Round "5"]
[White "Pechacek, Stanislav"]
[Black "Smid, Jaroslav"]
[Result "1/2-1/2"]
[WhiteElo "2163"]
[BlackElo "2102"]
[PlyCount "58"]
[EventDate "2002.10.??"]
[EventType "team"]
[EventRounds "11"]
[EventCountry "CZE"]
[SourceTitle "EXT 2007"]
[Source "ChessBase"]
[SourceDate "2006.11.23"]
[SourceVersion "1"]
[SourceVersionDate "2006.11.23"]
[SourceQuality "1"]
[WhiteTeam "Vlasim"]
[BlackTeam "Horice"]
[WhiteTeamCountry "CZE"]
[BlackTeamCountry "CZE"]

1. d4 d5 2. c4 e6 3. Nc3 Nf6 4. Nf3 Be7 5. Bf4 Nh5 6. Bg3 Nxg3 7. hxg3 c6 8. e3 Qb6 9. Qc2 Nd7 10. c5 Qa5 11. Rxh7 Rxh7 12. Qxh7 Bf8 13. a3 e5 14. dxe5 Qc7 15. e6 Nxc5 16. exf7+ Qxf7 17. Nd4 Bd7 18. Qc2 0-0-0 19. 0-0-0 Kb8 20. b4 Ne6 21. Nf3 Qf6 22. Qb2 Be7 23. Kb1 Nc7 24. Ka2 Be6 25. Nd4 Bg8 26. Ka1 Rf8 27. f4 Qg6 28. Qf2 c5 29. bxc5 Bxc5 1/2-1/2

[Event "CZE-chTJ 0102"]
[Site "Czech Republic"]
[Date "2001.??.??"]
[Round "4"]
[White "Cedikova, Katerina"]
[Black "Pechacek, Stanislav"]
[Result "1-0"]
[WhiteElo "2133"]
[BlackElo "2173"]
[PlyCount "48"]
[EventDate "2001.??.??"]
[EventType "team"]
[EventRounds "11"]
[EventCountry "CZE"]
[SourceTitle "EXT 2003"]
[Source "ChessBase"]
[SourceDate "2002.11.25"]
[SourceVersion "1"]
[SourceVersionDate "2002.11.25"]
[SourceQuality "1"]
[WhiteTeam "Plzen Bolevec"]
[BlackTeam "Vlasim"]
[WhiteTeamCountry "CZE"]
[BlackTeamCountry "CZE"]

1. d4 Nf6 2. c4 e6 3. Nf3 c5 4. d5 b5 5. Bg5 Qa5+ 6. Nbd2 exd5 7. cxd5 Nxd5 8. e4 Nb6 9. Bd3 c4 10. Bc2 Nc6 11. 0-0 b4 12. e5 Qd5 13. Be4 Qe6 14. Rc1 Ba6 15. Re1 Be7 16. Bxc6 Qxc6 17. Nd4 Qg6 18. Bxe7 Kxe7 19. Ne4 Bb7 20. Ng3 Rhc8 21. Ndf5+ Kf8 22. e6 Re8 23. exd7 Red8 24. Qd4 Rxd7 1-0

[Event "CZE-chTJ 0102"]
[Site "Czech Republic"]
[Date "2001.??.??"]
[Round "4"]
[White "Pechacek, Stanislav"]
[Black "Studnicka, Tomas"]
[Result "0-1"]
[WhiteElo "2173"]
[BlackElo "2107"]
[PlyCount "80"]
[EventDate "2001.??.??"]
[EventType "team"]
[EventRounds "11"]
[EventCountry "CZE"]
[SourceTitle "EXT 2003"]
[Source "ChessBase"]
[SourceDate "2002.11.25"]
[SourceVersion "1"]
[SourceVersionDate "2002.11.25"]
[SourceQuality "1"]
[WhiteTeam "Vlasim"]
[BlackTeam "Praha Dukla II"]
[WhiteTeamCountry "CZE"]
[BlackTeamCountry "CZE"]

1. e4 e5 2. Nf3 Nf6 3. Nc3 Bb4 4. Nd5 Nxd5 5. exd5 0-0 6. c3 Ba5 7. d4 e4 8. Ne5 d6 9. Nc4 c6 10. Qh5 Bc7 11. Ne3 f5 12. Bc4 Kh8 13. g3 Nd7 14. Bd2 Nb6 15. Bb3 a5 16. a4 Qe7 17. dxc6 bxc6 18. Ng2 d5 19. Bg5 Qe6 20. Nf4 Bxf4 21. Bxf4 Ba6 22. 0-0-0 Ra7 23. Bc2 Rb7 24. b3 Qe7 25. Kd2 Nd7 26. Qg5 Nf6 27. Be3 Bd3 28. Ra1 Qe6 29. Rhb1 Bxc2 30. Kxc2 Ng4 31. Qh4 c5 32. dxc5 Nxe3+ 33. fxe3 Rc7 34. b4 axb4 35. cxb4 d4 36. Kd2 Qc4 37. Ra3 dxe3+ 38. Kxe3 Rd7 39. Kf4 h6 40. Re3 g5+ 0-1

[Event "CZE-chT2"]
[Site "Czech Republic"]
[Date "1999.??.??"]
[Round "?"]
[White "Roj, Miroslav"]
[Black "Pechacek, Stanislav"]
[Result "1-0"]
[WhiteElo "2175"]
[BlackElo "2217"]
[PlyCount "63"]
[EventDate "1999.??.??"]
[EventType "team"]
[EventRounds "11"]
[EventCountry "CZE"]
[SourceTitle "EXT 2003"]
[Source "ChessBase"]
[SourceDate "2002.11.25"]
[SourceVersion "1"]
[SourceVersionDate "2002.11.25"]
[SourceQuality "1"]

1. e4 c5 2. Nf3 Nc6 3. d4 cxd4 4. Nxd4 Qb6 5. Nb3 Nf6 6. Nc3 e6 7. Bd3 Be7 8. 0-0 0-0 9. Qe2 d6 10. Bg5 a6 11. Rae1 Ne5 12. Kh1 Nxd3 13. cxd3 Bd7 14. f4 Rae8 15. e5 Nd5 16. Bxe7 Nxe7 17. Ne4 dxe5 18. fxe5 Ba4 19. Nbc5 Bc6 20. Rc1 Rc8 21. Rc4 Ng6 22. Nc3 Qd8 23. Qe3 Nh4 24. N5e4 Nf5 25. Qh3 b5 26. Nf6+ gxf6 27. Rg4+ Kh8 28. Ne4 Bxe4 29. dxe4 Ne7 30. Rh4 Ng6 31. Rxh7+ Kg8 32. Qh6 1-0